BIBLIOTECA

SENCICO

Manual práctico del auxiliar de topografía (Registro nro. 576)

Detalles MARC
000 -LEADER
fixed length control field 00654nam a2200253Ia 4500
005 - DATE AND TIME OF LATEST TRANSACTION
control field 20251020182442.0
008 - FIXED-LENGTH DATA ELEMENTS--GENERAL INFORMATION
fixed length control field 200515s9999 xx 000 0 und d
020 ## - INTERNATIONAL STANDARD BOOK NUMBER
International Standard Book Number 978-84-8364-389-1
082 ## - DEWEY DECIMAL CLASSIFICATION NUMBER
Classification number 528.8:69/M26
100 ## - MAIN ENTRY--PERSONAL NAME
Personal name Martínez Sánchez, José Alfredo
100 ## - MAIN ENTRY--PERSONAL NAME
Personal name Vásquez Gálvez, Salvador
245 #0 - TITLE STATEMENT
Title Manual práctico del auxiliar de topografía
260 ## - PUBLICATION, DISTRIBUTION, ETC.
Place of publication, distribution, etc. Antequera
260 ## - PUBLICATION, DISTRIBUTION, ETC.
Name of publisher, distributor, etc. IC Editorial
260 ## - PUBLICATION, DISTRIBUTION, ETC.
Date of publication, distribution, etc. 2010
300 ## - PHYSICAL DESCRIPTION
Extent 281 p.
300 ## - PHYSICAL DESCRIPTION
Other physical details il., graf.
500 ## - GENERAL NOTE
General note 1 ejemplar
650 ## - SUBJECT ADDED ENTRY--TOPICAL TERM
Topical term or geographic name entry element LEVANTAMIENTOS TOPOGRAFICOS
650 ## - SUBJECT ADDED ENTRY--TOPICAL TERM
Topical term or geographic name entry element NIVELACION GEOMETRICA
650 ## - SUBJECT ADDED ENTRY--TOPICAL TERM
Topical term or geographic name entry element TOPOGRAFIA
942 ## - ADDED ENTRY ELEMENTS (KOHA)
Koha item type Libros
Existencias
Fecha de la última vez que lo usaron Pago total Signatura topográfica completa Código de barras Precio efectivo desde Tipo de documento Estado perdido Estado dañado No es para préstamo Retirado Ubicación permanente Ubicación actual Fecha de adquisición
15/05/2020   528.8:69/M26 Bib-Lima15050576 15/05/2020 Libros         Biblioteca Central Lima Biblioteca Central Lima 15/05/2020